01138cam a22003494i 4500003000900000005001700009008004100026035001800067040003300085082002100118100003000139245002900169264010700198300003800305336002100343337002500364338002300389504002800412505021800440526001000658526001000668526001000678526001000688526000800698526000800706526000800714526000800722526000800730526000800738526000800746650003400754PE-LiUPU20250731173441.0150616s1977 miu rb 000 0 spa d a(Sirsi) a5715 aPE-LiUPUbspacPE-LiUPUerda04a234.107bH652211 aHoekema, Antonio,eautor.11a¿Qué de las lenguas?. 1aGrand Rapids, Michigan :bSubcomisión Literatura Cristiana de la Iglesia Cristiana Reformada,c1977. a107 páginas ;c22 centímetros atext2rdacontent aunmediated2rdamedia avolume2rdacarrier aIncluye bibliografía.0 aLa historia del hablar en lenguas -- El significado de hablar en lenguas para los pentocostales -- Una evaluación teológica del hablar en lenguas -- Lo que podemos aprender del movimiento que habla en lenguas. aSEG42 aSEG41 aSEG40 aSEG39 aP94 aP87 aP86 aP85 aP77 aP76 aP3504aDones espirituales - Estudio.